BREVES APUNTES SOBRE LA ECONOMIA DE GUANAJUATO /

Gespeichert in:
Bibliographische Detailangaben
Körperschaft: Jornadas sobre el Desarrollo Regional ( Guanajuato, México)
Format: Tagungsbericht Buch
Schlagworte:
Tags: Tag hinzufügen
Keine Tags, Fügen Sie das erste Tag hinzu!

MARC

LEADER 00000nam^a2200000^a^4500
001 000232858
005 20250521000000.0
009 20260310104620.889
035 |a 052868 
037 |a Acervo Xavier Clavigero 
082 |a 330. 972  |b JOR 
111 |a Jornadas sobre el Desarrollo Regional (  |n 5a :  |d 1965 :  |c Guanajuato, México) 
245 1 0 |a BREVES APUNTES SOBRE LA ECONOMIA DE GUANAJUATO / 
264 |a MEXICO :  |b ESFERA,  |c 1966 
300 |a 119 p. :  |b tbs. 
336 |a texto  |b txt  |2 rdacontenido 
337 |a sin mediación  |b n  |2 rdamedio 
338 |a volumen  |b nc  |2 rdasoporte 
649 |a XX 
650 |a Guanajuato -  |x Condiciones Económicas 
910 |a Fondo General 
920 |a Impresos - Libros 
930 |a Colección General 
905 |a 101 
901 |a 052868  |b IT1  |c ACC  |i 052868  |u 20250521 
901 |a 052888  |b IT1  |c ACC  |i 052888  |u 20250521 
902 |a https://opac.biblio.iteso.mx/vufind/Record/000232858